[Event "Luxembourg-chT 1415"]
[Site "Luxembourg"]
[Date "2014.11.23"]
[Round "4"]
[White "Gengler, Pierre"]
[Black "Osieka, Udo"]
[Result "1/2-1/2"]
[WhiteElo "2189"]
[BlackElo "2250"]
[PlyCount "34"]
[EventDate "2014.10.05"]
[EventType "team-tourn"]
[EventRounds "10"]
[EventCountry "LUX"]
[SourceTitle "EXT 2017"]
[Source "ChessBase"]
[SourceDate "2016.10.25"]
[SourceVersion "1"]
[SourceVersionDate "2016.10.25"]
[SourceQuality "1"]

1. e4 g6 2. d4 Bg7 3. Nc3 c6 4. Be3 d5 5. Qd2 dxe4 6. Nxe4 Nd7 7. 0-0-0 Ngf6 8. Nxf6+ Nxf6 9. f3 Be6 10. Kb1 Nd5 11. Bh6 Bxh6 12. Qxh6 Qb6 13. Qd2 Qb4 14. Qxb4 Nxb4 15. a3 Nd5 16. Ne2 Ne3 17. Rd3 Nxf1 1/2-1/2

[Event "Luxembourg-chT 1415"]
[Site "Luxembourg"]
[Date "2014.01.12"]
[Round "5"]
[White "Gengler, Pierre"]
[Black "Osieka, Udo"]
[Result "1/2-1/2"]
[WhiteElo "2189"]
[BlackElo "2250"]
[PlyCount "38"]
[EventDate "2014.10.05"]
[EventType "team-tourn"]
[EventRounds "10"]
[EventCountry "LUX"]
[SourceTitle "EXT 2017"]
[Source "ChessBase"]
[SourceDate "2016.10.25"]
[SourceVersion "1"]
[SourceVersionDate "2016.10.25"]
[SourceQuality "1"]

1. e4 c6 2. d4 d5 3. e5 Bf5 4. Be3 e6 5. Nd2 Nd7 6. Nb3 f6 7. g4 Be4 8. f3 Bg6 9. exf6 Ngxf6 10. Bd3 Bxd3 11. Qxd3 Bd6 12. 0-0-0 Qc7 13. Ne2 0-0-0 14. Qd2 Rde8 15. g5 Nh5 16. f4 Rhf8 17. Rhf1 Rf7 18. Rf2 Nf8 19. Nc5 g6 1/2-1/2

[Event "Luxembourg-chT 1213"]
[Site "Luxembourg"]
[Date "2013.03.03"]
[Round "10"]
[White "Wagener, Claude"]
[Black "Osieka, Udo"]
[Result "1/2-1/2"]
[WhiteElo "2247"]
[BlackElo "2250"]
[PlyCount "36"]
[EventDate "2012.10.??"]
[EventType "team-tourn"]
[EventRounds "10"]
[EventCountry "LUX"]
[SourceTitle "EXT 2017"]
[Source "ChessBase"]
[SourceDate "2016.10.25"]
[SourceVersion "1"]
[SourceVersionDate "2016.10.25"]
[SourceQuality "1"]

1. e4 c5 2. Nf3 d6 3. d4 cxd4 4. Nxd4 Nf6 5. Nc3 a6 6. Be2 e5 7. Nb3 Be7 8. 0-0 0-0 9. Re1 Be6 10. Bf3 Nbd7 11. a4 Rc8 12. Nd2 Nb8 13. Nf1 Nc6 14. Be3 Nb4 15. Bg5 h6 16. Bxf6 Bxf6 17. Re2 Bg5 18. g3 Nc6 1/2-1/2

[Event "Luxembourg-chT 1112"]
[Site "Luxembourg"]
[Date "2012.02.10"]
[Round "5"]
[White "Boidman, Yuri"]
[Black "Osieka, Udo"]
[Result "1/2-1/2"]
[WhiteElo "2440"]
[BlackElo "2250"]
[PlyCount "59"]
[EventDate "2011.10.??"]
[EventType "team-tourn"]
[EventRounds "10"]
[EventCountry "LUX"]
[SourceTitle "EXT 2017"]
[Source "ChessBase"]
[SourceDate "2016.10.25"]
[SourceVersion "1"]
[SourceVersionDate "2016.10.25"]
[SourceQuality "1"]

1. e4 c6 2. c4 e5 3. Nf3 d6 4. d4 Nd7 5. g3 Ngf6 6. Nc3 exd4 7. Nxd4 Nc5 8. Bg2 Bg4 9. Qc2 a5 10. 0-0 Be7 11. h3 Bd7 12. g4 0-0 13. Nf5 Bxf5 14. exf5 Nfd7 15. Be3 Re8 16. Rad1 h5 17. gxh5 Bg5 18. Bd4 Qe7 19. Kh1 Bh6 20. f6 Nxf6 21. Qf5 Qe6 22. Qf3 Ncd7 23. b3 Ne5 24. Qe2 Qf5 25. Bxe5 dxe5 26. Ne4 Nxe4 27. Qxe4 Qxe4 28. Bxe4 Red8 29. Kg2 Kf8 30. Kf3 1/2-1/2

[Event "Luxembourg-chT 1112"]
[Site "Luxembourg"]
[Date "2012.02.10"]
[Round "5"]
[White "Osieka, Udo"]
[Black "Gengler, Pierre"]
[Result "1-0"]
[WhiteElo "2250"]
[BlackElo "2189"]
[PlyCount "55"]
[EventDate "2011.10.??"]
[EventType "team-tourn"]
[EventRounds "10"]
[EventCountry "LUX"]
[SourceTitle "EXT 2017"]
[Source "ChessBase"]
[SourceDate "2016.10.25"]
[SourceVersion "1"]
[SourceVersionDate "2016.10.25"]
[SourceQuality "1"]

1. c4 Nf6 2. Nc3 e6 3. Nf3 a6 4. e4 d5 5. e5 Ne4 6. Be2 Nxc3 7. dxc3 c6 8. Bg5 Qc7 9. 0-0 Nd7 10. Re1 Bc5 11. Bf1 Ba7 12. b4 dxc4 13. Bxc4 c5 14. Bd3 b5 15. a4 c4 16. Be4 Bb7 17. Bxb7 Qxb7 18. Qd6 Nb6 19. axb5 axb5 20. Nd4 Rc8 21. Nxe6 fxe6 22. Qxe6+ Kf8 23. Qf5+ Ke8 24. Qe6+ Kf8 25. Re3 Rc7 26. Rf3+ Rf7 27. Qd6+ Ke8 28. Qd8# 1-0

[Event "Luxembourg-chT 1112"]
[Site "Luxembourg"]
[Date "2011.11.10"]
[Round "2"]
[White "Osieka, Udo"]
[Black "Stern, Geoffrey"]
[Result "1-0"]
[WhiteElo "2250"]
[BlackElo "1958"]
[PlyCount "73"]
[EventDate "2011.10.??"]
[EventType "team-tourn"]
[EventRounds "10"]
[EventCountry "LUX"]
[SourceTitle "EXT 2017"]
[Source "ChessBase"]
[SourceDate "2016.10.25"]
[SourceVersion "1"]
[SourceVersionDate "2016.10.25"]
[SourceQuality "1"]

1. Nf3 d5 2. d4 Nf6 3. c4 e6 4. Nc3 Nbd7 5. cxd5 exd5 6. Bf4 c6 7. e3 Be7 8. Bd3 0-0 9. Qc2 Re8 10. 0-0 Nf8 11. Rab1 Ne6 12. Bg3 a5 13. a3 g6 14. b4 axb4 15. axb4 Nh5 16. Be5 Ng5 17. Nd2 f5 18. b5 Ne4 19. bxc6 bxc6 20. Ncxe4 fxe4 21. Qxc6 Ra2 22. Bb5 Rf8 23. Bc7 Qd7 24. Qxd7 Bxd7 25. Bxd7 Rxd2 26. Be6+ Kg7 27. Bxd5 Nf6 28. Be5 Kh6 29. Bxf6 Bxf6 30. Bxe4 Bh4 31. g3 Bg5 32. f4 Bf6 33. Rf2 Rxf2 34. Kxf2 Rf7 35. Rb7 Rf8 36. Kf3 Rc8 37. g4 1-0

[Event "BL2-Sued 0405"]
[Site "Germany"]
[Date "2005.01.16"]
[Round "5.6"]
[White "Kountz, Jochen"]
[Black "Osieka, Udo"]
[Result "1/2-1/2"]
[WhiteElo "2321"]
[BlackElo "2308"]
[PlyCount "25"]
[EventDate "2004.10.24"]
[EventType "team-tourn"]
[EventRounds "9"]
[EventCountry "GER"]
[SourceTitle "EXT 2007"]
[Source "ChessBase"]
[SourceDate "2006.11.23"]
[SourceVersion "1"]
[SourceVersionDate "2006.11.23"]
[SourceQuality "1"]
[WhiteTeam "Untergrombach"]
[BlackTeam "Bann"]
[WhiteTeamCountry "GER"]
[BlackTeamCountry "GER"]

1. e4 c6 2. d4 d5 3. e5 Bf5 4. Nf3 e6 5. Be2 Nd7 6. 0-0 Ne7 7. b3 c5 8. Bb2 Nc6 9. Na3 cxd4 10. Nb5 Be4 11. Nbxd4 Be7 12. c4 0-0 13. cxd5 1/2-1/2

[Event "BL2-Sued 0405"]
[Site "Germany"]
[Date "2004.12.12"]
[Round "4.6"]
[White "Osieka, Udo"]
[Black "Tsolakidis, Paschal"]
[Result "1/2-1/2"]
[WhiteElo "2308"]
[BlackElo "2130"]
[PlyCount "75"]
[EventDate "2004.10.24"]
[EventType "team-tourn"]
[EventRounds "9"]
[EventCountry "GER"]
[SourceTitle "EXT 2007"]
[Source "ChessBase"]
[SourceDate "2006.11.23"]
[SourceVersion "1"]
[SourceVersionDate "2006.11.23"]
[SourceQuality "1"]
[WhiteTeam "Bann"]
[BlackTeam "Schwaebisch Gmuend"]
[WhiteTeamCountry "GER"]
[BlackTeamCountry "GER"]

1. c4 Nf6 2. Nc3 g6 3. e4 d6 4. d4 Bg7 5. h3 0-0 6. Nf3 c5 7. d5 b5 8. cxb5 a6 9. a4 axb5 10. Bxb5 Ba6 11. Be3 Qa5 12. 0-0 Nfd7 13. Bd2 Rc8 14. Ra3 Qd8 15. Qc2 c4 16. Bxa6 Nxa6 17. Nb5 Nac5 18. Bc3 Bxc3 19. Rxc3 Nxa4 20. Rxc4 Rxc4 21. Qxc4 Nxb2 22. Qe2 Na4 23. Nfd4 Nac5 24. Nc6 Qf8 25. f4 Nb8 26. Nbd4 Nxc6 27. Nxc6 Nb7 28. e5 Nd8 29. exd6 Nxc6 30. dxc6 exd6 31. f5 Rc8 32. Qc4 Qe8 33. Rc1 Qe3+ 34. Kh1 d5 35. Qc5 Qxc5 36. Rxc5 Kg7 37. fxg6 hxg6 38. Rxd5 1/2-1/2

[Event "BL2-Sued 0405"]
[Site "Germany"]
[Date "2004.11.28"]
[Round "3.5"]
[White "Osieka, Udo"]
[Black "Duschek, Volker"]
[Result "1/2-1/2"]
[WhiteElo "2308"]
[BlackElo "2296"]
[PlyCount "49"]
[EventDate "2004.10.24"]
[EventType "team-tourn"]
[EventRounds "9"]
[EventCountry "GER"]
[SourceTitle "EXT 2007"]
[Source "ChessBase"]
[SourceDate "2006.11.23"]
[SourceVersion "1"]
[SourceVersionDate "2006.11.23"]
[SourceQuality "1"]
[WhiteTeam "Bann"]
[BlackTeam "Karlsruhe"]
[WhiteTeamCountry "GER"]
[BlackTeamCountry "GER"]

1. c4 g6 2. d4 Nf6 3. Nf3 Bg7 4. g3 0-0 5. Bg2 d6 6. 0-0 Nbd7 7. Nc3 e5 8. e4 exd4 9. Nxd4 Re8 10. h3 a6 11. Rb1 Ne5 12. b3 Bd7 13. a4 Qc8 14. Kh2 h5 15. f4 Nc6 16. Nde2 Nb4 17. Qd2 a5 18. Re1 Na6 19. Ba3 Nb4 20. Rbd1 Bc6 21. Nd4 Bd7 22. Nf3 Bc6 23. Nd4 Bd7 24. Nf3 Bc6 25. Nd4 1/2-1/2

[Event "BL2-Sued 0405"]
[Site "Germany"]
[Date "2004.10.24"]
[Round "1.6"]
[White "Postoev Birkenberg, Alexander"]
[Black "Osieka, Udo"]
[Result "1/2-1/2"]
[WhiteElo "2242"]
[BlackElo "2308"]
[PlyCount "85"]
[EventDate "2004.10.24"]
[EventType "team-tourn"]
[EventRounds "9"]
[EventCountry "GER"]
[SourceTitle "EXT 2007"]
[Source "ChessBase"]
[SourceDate "2006.11.23"]
[SourceVersion "1"]
[SourceVersionDate "2006.11.23"]
[SourceQuality "1"]
[WhiteTeam "Handschuhsheim"]
[BlackTeam "Bann"]
[WhiteTeamCountry "GER"]
[BlackTeamCountry "GER"]

1. d4 Nf6 2. c4 g6 3. Nc3 d5 4. Nf3 Bg7 5. Qb3 dxc4 6. Qxc4 0-0 7. e4 Nc6 8. Be2 Bg4 9. Be3 Nd7 10. Rd1 Nb6 11. Qd3 Bxf3 12. gxf3 Qc8 13. f4 Qh3 14. Bf1 Qf3 15. Rg1 e6 16. Rg3 Qh5 17. Nb5 Qh4 18. Nxc7 Rac8 19. Nb5 Nb4 20. Qb3 Nc2+ 21. Ke2 Nxe3 22. Kxe3 Bh6 23. Rf3 Ra8 24. Nc3 Rac8 25. Bd3 Kh8 26. Rg1 Rcd8 27. Ne2 f5 28. Rgg3 Qe7 29. a4 fxe4 30. Bxe4 Nd5+ 31. Bxd5 exd5+ 32. Kd2 b6 33. Rh3 Bg7 34. Re3 Qd7 35. Qc2 Kg8 36. Rc3 Rf7 37. Kc1 Re8 38. Rhe3 Ref8 39. Kb1 Bh6 40. Re5 Bg7 41. Ree3 Bh6 42. Re5 Bg7 43. Ree3 1/2-1/2

[Event "Oberliga Sued W 0304"]
[Site "Germany"]
[Date "2003.11.23"]
[Round "3.5"]
[White "Osieka, Udo"]
[Black "Biegler, Helmut"]
[Result "1/2-1/2"]
[WhiteElo "2312"]
[BlackElo "2076"]
[PlyCount "47"]
[EventDate "2003.10.12"]
[EventType "team"]
[EventRounds "9"]
[EventCountry "GER"]
[SourceTitle "EXT 2006"]
[Source "ChessBase"]
[SourceDate "2005.11.24"]
[SourceVersion "1"]
[SourceVersionDate "2005.11.24"]
[SourceQuality "1"]
[WhiteTeam "Bann"]
[BlackTeam "Illingen"]
[WhiteTeamCountry "GER"]
[BlackTeamCountry "GER"]

1. d4 f5 2. g3 Nf6 3. Bg2 e6 4. Nf3 d5 5. c4 c6 6. 0-0 Bd6 7. b3 Qe7 8. Bb2 b6 9. Qc1 Bb7 10. Ba3 Bxa3 11. Qxa3 Nbd7 12. cxd5 exd5 13. Qxe7+ Kxe7 14. Nh4 g6 15. Nc3 Rhe8 16. Rac1 Ne4 17. e3 Rac8 18. h3 Ndf6 19. g4 Ba6 20. Rfe1 fxg4 21. hxg4 Kd6 22. Na4 Rc7 23. f3 Ng5 24. Nc3 1/2-1/2

[Event "Oberliga Sued W 0203"]
[Site "Germany"]
[Date "2003.03.09"]
[Round "8.2"]
[White "Osieka, Udo"]
[Black "Kuklin, Valentin"]
[Result "1/2-1/2"]
[WhiteElo "2292"]
[BlackElo "2245"]
[PlyCount "47"]
[EventDate "2002.10.??"]
[EventType "team"]
[EventRounds "9"]
[EventCountry "GER"]
[SourceTitle "EXT 2005"]
[Source "ChessBase"]
[SourceDate "2004.11.15"]
[SourceVersion "1"]
[SourceVersionDate "2004.11.15"]
[SourceQuality "1"]

1. Nf3 Nf6 2. c4 c5 3. Nc3 Nc6 4. d4 cxd4 5. Nxd4 d6 6. e4 g6 7. Be2 Nxd4 8. Qxd4 Bg7 9. Be3 0-0 10. Qd2 Qa5 11. f3 Be6 12. Rc1 Rfc8 13. b3 a6 14. Nd5 Qxd2+ 15. Kxd2 Nxd5 16. cxd5 Bd7 17. Rxc8+ Rxc8 18. Rc1 Rxc1 19. Kxc1 Kf8 20. Kc2 Ke8 21. f4 f5 22. Bd3 Kf7 23. h3 h5 24. Kd2 1/2-1/2

[Event "Oberliga Sued W 0203"]
[Site "Germany"]
[Date "2002.12.15"]
[Round "5.5"]
[White "Osieka, Udo"]
[Black "Jung, Thomas"]
[Result "1-0"]
[WhiteElo "2292"]
[BlackElo "2169"]
[PlyCount "73"]
[EventDate "2002.10.??"]
[EventType "team"]
[EventRounds "9"]
[EventCountry "GER"]
[SourceTitle "EXT 2005"]
[Source "ChessBase"]
[SourceDate "2004.11.15"]
[SourceVersion "1"]
[SourceVersionDate "2004.11.15"]
[SourceQuality "1"]

1. c4 e5 2. Nc3 Nf6 3. Nf3 Nc6 4. g3 d5 5. cxd5 Nxd5 6. Bg2 Nb6 7. 0-0 Be7 8. d3 0-0 9. Be3 Re8 10. a4 a5 11. d4 exd4 12. Nxd4 Nxd4 13. Qxd4 Qxd4 14. Bxd4 Nc4 15. Nb5 Bd8 16. Rfc1 c6 17. Rxc4 cxb5 18. axb5 Rxe2 19. b6 Bf6 20. Bf3 Be6 21. Rc7 Bxd4 22. Bxe2 Rb8 23. Bf3 Bxb6 24. Rxb7 Rxb7 25. Bxb7 Kf8 26. Rd1 Bc5 27. Bd5 Bg4 28. Rc1 Bd6 29. Rc6 Bb4 30. Rc7 Bh5 31. h4 Bd6 32. Ra7 Be5 33. b3 Bc3 34. Rc7 Bd4 35. g4 Bxg4 36. Rxf7+ Ke8 37. Rf4 1-0

[Event "GER-ch 71st"]
[Site "Altenkirchen"]
[Date "1999.11.17"]
[Round "6"]
[White "Osieka, Udo"]
[Black "Voigt, Roland"]
[Result "1/2-1/2"]
[WhiteElo "2342"]
[BlackElo "2147"]
[PlyCount "110"]
[EventDate "1999.11.12"]
[EventType "swiss"]
[EventRounds "9"]
[EventCountry "GER"]
[SourceTitle "CBM 074"]
[Source "ChessBase"]
[SourceDate "2000.02.01"]
[SourceVersion "1"]
[SourceVersionDate "2000.02.01"]
[SourceQuality "1"]

1. c4 c5 2. Nf3 Nf6 3. Nc3 e6 4. g3 b6 5. Bg2 Bb7 6. 0-0 Be7 7. b3 0-0 8. Bb2 a6 9. Rc1 d6 10. e3 Nbd7 11. d4 cxd4 12. Nxd4 Bxg2 13. Kxg2 Qc7 14. Qe2 Rfe8 15. Rfd1 Rad8 16. Kg1 Bf8 17. Qf3 Ne5 18. Qg2 Qd7 19. Ne4 Nxe4 20. Qxe4 Ng6 21. Qc6 Qxc6 22. Nxc6 Rc8 23. Nd4 Red8 24. Nf3 h6 25. Kf1 Kh7 26. Ke2 Ne7 27. Ba3 Nc6 28. Rc2 b5 29. cxb5 axb5 30. Bb2 Nb4 31. Rxc8 Rxc8 32. a3 Na6 33. Rc1 Rxc1 34. Bxc1 d5 35. Nd4 Nc7 36. a4 bxa4 37. bxa4 Kg6 38. Bb2 f6 39. Kd1 Kf7 40. Kc2 e5 41. Nc6 Na6 42. f4 exf4 43. exf4 g6 44. Kd2 Bc5 45. Bd4 Bd6 46. Ke3 Ke6 47. Bb6 Kd7 48. Nd4 h5 49. Nb5 Bb4 50. f5 g5 51. Bd4 Be7 52. h3 Kc6 53. Na7+ Kb7 54. Nb5 Kc6 55. Na7+ Kb7 1/2-1/2

[Event "Ludwigshafen-ch 10th"]
[Site "Ludwigshafen"]
[Date "1996.??.??"]
[Round "2"]
[White "Hain, Guenter"]
[Black "Osieka, Udo"]
[Result "0-1"]
[WhiteElo "1965"]
[BlackElo "2305"]
[PlyCount "48"]
[EventDate "1996.??.??"]
[EventType "swiss"]
[EventRounds "7"]
[EventCountry "GER"]
[SourceTitle "EXT 2000"]
[Source "ChessBase"]
[SourceDate "1999.11.16"]
[SourceVersion "1"]
[SourceVersionDate "1999.11.16"]
[SourceQuality "1"]
[WhiteTeam "Schwarzenbach"]
[WhiteTeamCountry "GER"]

1. d4 d5 2. Bg5 h6 3. Bh4 c5 4. dxc5 Qa5+ 5. Qd2 Qxd2+ 6. Nxd2 Nd7 7. Nb3 e6 8. 0-0-0 Ngf6 9. f3 Nxc5 10. Nxc5 Bxc5 11. Bxf6 Be3+ 12. Kb1 gxf6 13. c3 d4 14. cxd4 e5 15. dxe5 Bf5+ 16. Ka1 Ke7 17. exf6+ Kxf6 18. Nh3 Rhd8 19. Rd3 Rac8 20. b3 Bxd3 21. exd3 Rc1+ 22. Kb2 Rdc8 23. g3 R8c2+ 24. Ka3 Ra1 0-1